Los exploradores españoles del siglo XVI (Record no. 95089)

MARC details
000 -LEADER
campo de control de longitud fija 00797nam a2200217 i 4500
001 - NÚMERO DE CONTROL
campo de control 95089
003 - IDENTIFICADOR DE NÚMERO DE CONTROL
campo de control ES-MaACL
005 - FECHA Y HORA DE LA ÚLTIMA TRANSACCIÓN
campo de control 20250730153546.0
007 - CAMPO FIJO DE DESCRIPCIÓN FÍSICA--INFORMACIÓN GENERAL
campo de control de longitud fija t|
008 - DATOS DE LONGITUD FIJA--INFORMACIÓN GENERAL
campo de control de longitud fija 050523s1959 sp af |||| | spa d
080 ## - NÚMERO DE LA CLASIFICACIÓN DECIMAL UNIVERSAL
Número de la Clasificación Decimal Universal 970/80"15"
100 1# - ENTRADA PRINCIPAL--NOMBRE DE PERSONA
Nombre de persona Lummis, Charles F.
9 (RLIN) 74745
245 14 - MENCIÓN DEL TÍTULO
Título Los exploradores españoles del siglo XVI
Resto del título : vindicación de la acción colonizadora española en América /
Mención de responsabilidad, etc. versión Charles F. Lummis ; con datos biográficos del autor por Arturo Cuyás.
250 ## - MENCION DE EDICION
Mención de edición 15ª ed.
260 ## - PUBLICACIÓN, DISTRIBUCIÓN, ETC.
Lugar de publicación, distribución, etc. Barcelona :
Nombre del editor, distribuidor, etc. Araluce,
Fecha de publicación, distribución, etc. 1959.
300 ## - DESCRIPCIÓN FÍSICA
Extensión 264 p., 3 h., 9 lám. ;
Dimensiones 23 cm.
651 #4 - PUNTO DE ACCESO ADICIONAL DE MATERIA--NOMBRE GEOGRÁFICO
Nombre geográfico América española-
Subdivisión general Historia-
Subdivisión cronológica 1492-1600 (Descubrimiento y conquista)
9 (RLIN) 7724
700 1# - ENTRADA AGREGADA--NOMBRE PERSONAL
Nombre de persona Cuyás Armengol, Arturo.
9 (RLIN) 148645
852 ## - LOCALIZACIÓN
Ubicación ES-MaACL
Número de control de estantería C-17195
Holdings
Estatus retirado Estado de pérdida Estado de daño No para préstamo Biblioteca de origen Biblioteca actual Ubicación en estantería Fecha de adquisición Fuente de adquisición Total de préstamos Signatura topográfica completa Código de barras Visto por última vez Precio de reemplazo Tipo de ítem Koha
        Biblioteca del Ateneo de Madrid Biblioteca del Ateneo de Madrid Galería 17/01/2008     C-17195 1099298 23/02/2023 23/02/2023 Libro impreso